| 000 | 00587nam a2200205 a 4500 | ||
|---|---|---|---|
| 005 | 20230223063631.0 | ||
| 008 | 080721s1976 mx r 000 0 spa d | ||
| 035 | _aUPN01000157817 | ||
| 049 | _aUNE | ||
| 080 | _a323.118 (680=96) RUB | ||
| 100 | 1 | _aRubin, Leslie | |
| 245 | 1 | 3 |
_aEl Apartheid en la práctica / _cLeslie Rubin. |
| 260 |
_aBuenos Aires : _bONU, _c1976. |
||
| 300 | _a45 p. : | ||
| 500 | _aIncluye bibliografía | ||
| 690 | _aSegregación racial | ||
| 690 |
_aDiscriminación racial _94625 |
||
| 710 | 2 | _aONU. Comité Especial contra el Apartheid | |
| 905 | _aUNESCO | ||
| 999 |
_c129931 _d129931 |
||